[Event "AUTO-OPEN-623"]
[Site "http://www.queenalice.com/game.php?id=245033"]
[Date "2007.7.24"]
[Round "2"]
[White "augustolenzuen"]
[Black "polso"]
[Result "0-1"]
[WhiteElo "1612"]
[BlackElo "1673"]

1. e4 c5 2. Bc4 d6 3. Nf3 Nf6 4. d3 e6 5. Bf4 Be7 6. h3 O-O 7. Nc3 a6 8. O-O b5
9. Bb3 Bb7 10. a4 b4 11. Ne2 d5 12. exd5 exd5 13. d4 c4 14. Ba2 Nbd7 15. Be5 a5
16. c3 Ne4 17. Bb1 Ndf6 18. Bxe4 Nxe4 19. cxb4 axb4 20. Ng3 f6 21. Nxe4 dxe4 22.
Bxf6 Bxf6 23. Ne5 Bxe5 24. dxe5 Qxd1 25. Rfxd1 Rfd8 26. Rxd8+ Rxd8 27. a5 c3 28.
bxc3 bxc3 29. a6 Bxa6 30. Rxa6 c2 31. Rd6 c1=Q+ 32. Kh2 Rxd6 0-1

[Event "Challenge"]
[Site "http://www.queenalice.com/game.php?id=275335"]
[Date "2007.9.21"]
[Round "-"]
[White "marcovercelli65"]
[Black "polso"]
[Result "1/2-1/2"]
[WhiteElo "2081"]
[BlackElo "1831"]

1. e4 c5 2. Nf3 d6 3. d4 cxd4 4. Nxd4 Nf6 5. Nc3 a6 6. Be3 e5 7. Nb3 Be6 8. f3
Nbd7 9. Qd2 b5 10. a4 b4 11. Nd5 Bxd5 12. exd5 Nb6 13. Bxb6 Qxb6 14. a5 Qb7 15.
Bc4 g6 16. Ra4 Rb8 17. Nc1 h5 18. Na2 Bh6 19. Qd3 O-O 20. Bxa6 Qa7 21. Bb5 e4
22. fxe4 Ng4 23. Rf1 f5 24. e5 Nxe5 25. Qe2 Rf7 26. Qf2 Rxb5 27. Qxa7 Rxa7 28.
Nxb4 Raxa5 29. Rxa5 Rxa5 30. b3 Ng4 31. h3 Ne3 32. Rf3 Nxg2+ 33. Kf2 Nf4 34. Nc6
Rc5 35. c4 g5 36. Ne7+ Kf7 37. Nxf5 Bf8 38. Nd4 Kg6 39. Nc6 Kf5 40. Ke3 Bg7
1/2-1/2

[Event "AUTO-OPEN-623"]
[Site "http://www.queenalice.com/game.php?id=278416"]
[Date "2007.9.28"]
[Round "3"]
[White "polso"]
[Black "jnable"]
[Result "1-0"]
[WhiteElo "1780"]
[BlackElo "1999"]

1. d4 d5 2. Nf3 c6 3. c4 Bf5 4. Nc3 Nf6 5. cxd5 cxd5 6. Qb3 Qb6 7. Nxd5 Qxb3 8.
Nxf6+ exf6 9. axb3 Bb4+ 10. Bd2 Nc6 11. e3 O-O 12. Bb5 Rfc8 13. O-O Bxd2 14.
Nxd2 a6 15. Bc4 Rd8 16. Rfc1 Rac8 17. Rc3 Be6 18. Ne4 Bxc4 19. bxc4 Rc7 20. c5
Ne7 21. Rb3 Nf5 22. g4 Ne7 23. Nd6 Nc8 24. Rxb7 Rxb7 25. Nxb7 Rd7 26. c6 Rc7 27.
Rxa6 Kf8 28. d5 Ke7 29. b4 Nd6 30. Nxd6 Kxd6 31. e4 h5 32. b5 hxg4 33. b6 Rc8
34. b7 1-0

[Event "AUTO-OPEN-623"]
[Site "http://www.queenalice.com/game.php?id=278417"]
[Date "2007.9.28"]
[Round "3"]
[White "jnable"]
[Black "polso"]
[Result "0-1"]
[WhiteElo "2028"]
[BlackElo "1715"]

1. d4 Nf6 2. c4 g6 3. Nc3 d5 4. cxd5 Nxd5 5. e4 Nxc3 6. bxc3 Bg7 7. Bc4 c5 8.
Ne2 O-O 9. Rb1 Nc6 10. Be3 Bg4 11. f3 Na5 12. Bxf7+ Rxf7 13. fxg4 Nc4 14. Bf2
cxd4 15. cxd4 Qa5+ 16. Kf1 Ne3+ 17. Kg1 Nxd1 18. Rxd1 Qxa2 0-1

[Event "Polso/Tech 1"]
[Site "http://www.queenalice.com/game.php?id=363675"]
[Date "2008.3.1"]
[Round "-"]
[White "polso"]
[Black "technicaldraw"]
[Result "1-0"]
[WhiteElo "1890"]
[BlackElo "1984"]

1. d4 Nf6 2. c4 e6 3. Nc3 Bb4 4. e3 b6 5. Bd3 Bb7 6. Nf3 O-O 7. O-O d5 8. Ne5
Nbd7 9. Qc2 c5 10. a3 Bxc3 11. Qxc3 Nxe5 12. dxe5 Ne4 13. Qc2 f5 14. f3 Ng5 15.
Rd1 d4 16. exd4 Qxd4+ 17. Kf1 Bxf3 18. Bxg5 Bxd1 19. Rxd1 Qxe5 20. Kg1 Qd4+ 21.
Qf2 Qg4 22. Qd2 f4 23. Be7 Rf7 24. Be2 f3 25. Qd8+ Rxd8 26. Rxd8+ 1-0

[Event "Tech/Polso 2"]
[Site "http://www.queenalice.com/game.php?id=363676"]
[Date "2008.3.1"]
[Round "-"]
[White "technicaldraw"]
[Black "polso"]
[Result "0-1"]
[WhiteElo "1998"]
[BlackElo "1851"]

1. e4 c5 2. Nf3 d6 3. d4 cxd4 4. Nxd4 Nf6 5. Nc3 a6 6. Be3 e5 7. Nb3 Nbd7 8. Bc4
b5 9. Bd5 Nxd5 10. Nxd5 Bb7 11. O-O Nc5 12. Qg4 Rc8 13. Rad1 Qd7 14. Qxd7+ Nxd7
15. c3 Bxd5 16. exd5 f5 17. Rfe1 Be7 18. Na5 f4 19. Bxf4 exf4 20. Nc6 Ne5 21.
Nxe5 dxe5 22. Rxe5 Kd7 23. Re6 Bd6 0-1

[Event "AUTO-ADV-865"]
[Site "http://www.queenalice.com/game.php?id=383580"]
[Date "2008.4.7"]
[Round "1"]
[White "Diego_Silveira"]
[Black "polso"]
[Result "0-1"]
[WhiteElo "1926"]
[BlackElo "2011"]

1. c4 e5 2. Nc3 d6 3. e4 f5 4. d3 Nf6 5. g3 Be7 6. Bg2 c6 7. Nge2 O-O 8. O-O Be6
9. exf5 Bxf5 10. Ne4 d5 11. Nxf6+ Bxf6 12. Nc3 dxc4 13. dxc4 Na6 14. a3 Nc5 15.
Be3 Nd3 16. Be4 Bxe4 17. Nxe4 Be7 18. b4 Qd7 19. Qc2 Nf4 20. gxf4 exf4 21. Bc5
Bxc5 22. Nxc5 Qg4+ 23. Kh1 Qf3+ 24. Kg1 Rf6 25. Nxb7 Rg6+ 26. Qxg6 hxg6 27. Rfd1
Re8 28. Rd8 Rxd8 29. Nxd8 Qg4+ 30. Kf1 Qd7 31. Nxc6 Qxc6 32. Ke2 Qxc4+ 0-1

[Event "AUTO-ADV-865"]
[Site "http://www.queenalice.com/game.php?id=383581"]
[Date "2008.4.7"]
[Round "1"]
[White "polso"]
[Black "Diego_Silveira"]
[Result "1-0"]
[WhiteElo "1996"]
[BlackElo "1899"]

1. d4 d5 2. Nf3 c5 3. c4 dxc4 4. e4 Nc6 5. d5 Nd4 6. Nxd4 cxd4 7. Qxd4 b5 8. a4
Qb6 9. Be3 Rb8 10. Qxb6 axb6 11. axb5 Nf6 12. Nc3 e6 13. Bf4 Rb7 14. Ra8 Kd7 15.
dxe6+ fxe6 16. Bxc4 Bb4 17. O-O Bxc3 18. bxc3 Nxe4 19. Re1 Nc5 20. Rd1+ Ke7 21.
Bd6+ Kf6 22. Bxc5 bxc5 23. Rd6 Rd7 24. Rxd7 1-0

[Event "AUTO-ADV-865"]
[Site "http://www.queenalice.com/game.php?id=383592"]
[Date "2008.4.7"]
[Round "1"]
[White "Mikalus"]
[Black "polso"]
[Result "0-1"]
[WhiteElo "1846"]
[BlackElo "1965"]

1. c4 e5 2. Nc3 d6 3. Nf3 f5 4. d4 e4 5. Ng5 Nf6 6. g3 Be7 7. d5 h6 8. Ne6 Bxe6
9. dxe6 Qc8 10. Nd5 c6 11. Nxe7 Kxe7 12. b3 Qxe6 13. Bg2 Nbd7 14. Ba3 Rad8 15.
O-O Ne5 16. Qd2 Kf7 17. Rfd1 d5 18. cxd5 cxd5 19. Rac1 Rd7 20. Qa5 Nc6 21. e3
Nxa5 0-1

[Event "AUTO-ADV-865"]
[Site "http://www.queenalice.com/game.php?id=383593"]
[Date "2008.4.7"]
[Round "1"]
[White "polso"]
[Black "Mikalus"]
[Result "1-0"]
[WhiteElo "1949"]
[BlackElo "1831"]

1. d4 d5 2. Nf3 e6 3. c4 c5 4. cxd5 exd5 5. Nc3 Nf6 6. Bg5 Be6 7. e3 b6 8. Bb5+
Nbd7 9. O-O Be7 10. Ne5 O-O 11. Nc6 Qe8 12. Nxe7+ Qxe7 13. Bxd7 Qxd7 14. Bxf6
gxf6 15. Qf3 Bf5 16. dxc5 bxc5 17. Nxd5 Qe6 18. Nc7 1-0

[Event "AUTO-ADV-865"]
[Site "http://www.queenalice.com/game.php?id=383598"]
[Date "2008.4.7"]
[Round "1"]
[White "thw"]
[Black "polso"]
[Result "0-1"]
[WhiteElo "1944"]
[BlackElo "1923"]

1. e4 c5 2. Nf3 d6 3. d4 cxd4 4. Nxd4 Nf6 5. Nc3 a6 6. Bg5 e6 7. f4 Qc7 8. Qf3
b5 9. e5 Bb7 10. Qh3 dxe5 11. Nxe6 fxe6 12. Qxe6+ Qe7 13. Qxe7+ Bxe7 14. fxe5
Ne4 15. Nxe4 Bxe4 16. Bxe7 Kxe7 17. O-O-O Nc6 18. Rg1 Rad8 0-1

[Event "AUTO-ADV-865"]
[Site "http://www.queenalice.com/game.php?id=383599"]
[Date "2008.4.7"]
[Round "1"]
[White "polso"]
[Black "thw"]
[Result "1-0"]
[WhiteElo "1981"]
[BlackElo "1855"]

1. d4 e6 2. c4 d5 3. Nc3 Nf6 4. Nf3 Nbd7 5. Bg5 c6 6. e3 Qa5 7. cxd5 Ne4 8. dxe6
fxe6 9. Bh4 Bb4 10. Nd2 Nxc3 11. bxc3 Bxc3 12. Rc1 Nf6 13. Bd3 Bxd2+ 14. Qxd2
Qxd2+ 15. Kxd2 O-O 16. f3 Nd5 17. Bc4 Bd7 18. Rb1 b6 19. Rhc1 Rac8 20. Ba6 Rb8
21. Bg3 Rbe8 22. Bb7 1-0

[Event "AUTO-ADV-865"]
[Site "http://www.queenalice.com/game.php?id=483863"]
[Date "2008.10.27"]
[Round "2"]
[White "Warley"]
[Black "polso"]
[Result "0-1"]
[WhiteElo "1973"]
[BlackElo "2026"]

1. d4 Nf6 2. c4 g6 3. Nc3 d5 4. cxd5 Nxd5 5. e4 Nxc3 6. bxc3 Bg7 7. Bc4 c5 8.
Be3 Nc6 9. e5 O-O 10. Ne2 Na5 11. Bb5 a6 12. Ba4 b5 13. Bc2 Bb7 14. O-O Nc4 15.
Bg5 h6 16. Bh4 Rc8 17. e6 f5 18. Ng3 cxd4 19. Qe2 f4 20. Nh5 Qd5 21. f3 Qxh5 22.
Qd3 Ne5 0-1

[Event "AUTO-ADV-865"]
[Site "http://www.queenalice.com/game.php?id=483864"]
[Date "2008.10.27"]
[Round "2"]
[White "polso"]
[Black "Warley"]
[Result "0-1"]
[WhiteElo "2064"]
[BlackElo "2000"]

1. d4 d5 2. Nf3 Nf6 3. c4 e6 4. Nc3 Be7 5. Bg5 O-O 6. e3 dxc4 7. Bxc4 c6 8. O-O
Nbd7 9. Rc1 Nd5 10. Bxe7 Qxe7 11. e4 Nxc3 12. Rxc3 Rd8 13. Qe2 Nf8 14. Rd1 Ng6
15. Ne1 Qg5 16. Rg3 Qe7 17. Qe3 b6 18. f4 Bb7 19. Nf3 c5 20. Bb3 cxd4 21. Nxd4
e5 22. Nf5 Rxd1+ 23. Bxd1 Qd7 24. Qe2 Ba6 25. Qg4 Rd8 26. Bc2 exf4 27. Ra3 Bc4
28. h4 Be6 29. Kh1 Qd2 30. Bb3 Bxf5 31. Qxf5 Qe1+ 32. Kh2 Qxh4+ 33. Kg1 Qe1+ 34.
Kh2 Qg3+ 35. Kg1 Nh4 36. Bxf7+ Kf8 37. Rxg3 Nxf5 38. Ra3 Kxf7 39. exf5 Rd7 40.
Ra4 Kf6 41. Rxf4 Kg5 42. Rf3 Rf7 43. Rh3 h6 44. Ra3 Kxf5 45. Kh2 g5 46. Kg3 Kg6
47. Ra4 h5 48. Rb4 h4+ 49. Kh3 Kh5 50. Rb5 Rc7 51. Rb4 Rc5 52. Ra4 Ra5 53. Rxa5
bxa5 54. Kh2 g4 55. Kg1 g3 56. Kf1 Kg4 57. b3 Kf4 58. a3 Ke3 59. b4 axb4 60.
axb4 Kd2 61. b5 Kd1 62. Kg1 Ke1 63. Kh1 Kf1 64. b6 h3 0-1

[Event "AUTO-ADV-865"]
[Site "http://www.queenalice.com/game.php?id=483865"]
[Date "2008.10.27"]
[Round "2"]
[White "JoseASeguro"]
[Black "polso"]
[Result "0-1"]
[WhiteElo "1905"]
[BlackElo "2042"]

1. d4 Nf6 2. Nf3 c5 3. d5 e6 4. c4 exd5 5. cxd5 d6 6. Nc3 g6 7. e4 Bg7 8. Bb5+
Nfd7 9. Bf4 Qe7 10. Bg5 f6 11. Bf4 O-O 12. Qb3 Ne5 13. Bxe5 fxe5 14. O-O-O a6
15. Qa4 Bd7 16. Rhf1 Bxb5 17. Nxb5 Rc8 18. Nc3 Nd7 19. h4 b5 20. Qc2 Nf6 21. Nh2
c4 22. f3 b4 23. Ne2 b3 24. Qb1 Bh6+ 25. f4 exf4 26. Nxf4 bxa2 27. Qxa2 Qxe4 28.
g3 Qe3+ 29. Rd2 Qxg3 30. Rdf2 Nxd5 0-1

[Event "AUTO-ADV-865"]
[Site "http://www.queenalice.com/game.php?id=483866"]
[Date "2008.10.27"]
[Round "2"]
[White "polso"]
[Black "JoseASeguro"]
[Result "1-0"]
[WhiteElo "2053"]
[BlackElo "1905"]

1. d4 Nf6 2. c4 g6 3. Nc3 d5 4. Nf3 Bg7 5. Qb3 dxc4 6. Qxc4 O-O 7. e4 Bg4 8. Be3
Nfd7 9. O-O-O Nb6 10. Qd3 e6 11. Be2 Nc6 12. h3 Bxf3 13. Bxf3 Rc8 14. Kb1 Qe7
15. g4 Rfd8 16. Bg2 Bxd4 17. Bxd4 Nxd4 18. Qg3 e5 19. h4 h6 20. Rhf1 Kg7 21. f4
f6 22. g5 h5 23. gxf6+ Qxf6 24. fxe5 Qe6 25. Nd5 Ne2 26. Qe3 Qxe5 27. Nxb6 cxb6
28. Qxe2 a6 29. Rxd8 Rxd8 30. Qf3 1-0

[Event "AUTO-MASTER-887"]
[Site "http://www.queenalice.com/game.php?id=642145"]
[Date "2009.8.25"]
[Round "1"]
[White "polso"]
[Black "mowliid12"]
[Result "1-0"]
[WhiteElo "2047"]
[BlackElo "1958"]

1. d4 Nf6 2. c4 e6 3. Nc3 d5 4. Nf3 c6 5. Bg5 Nbd7 6. e3 Bb4 7. cxd5 cxd5 8. Bd3
Qa5 9. Qc2 Bxc3+ 10. bxc3 h6 11. Bxf6 Nxf6 12. O-O Bd7 13. Ne5 Rc8 14. Rfc1 b5
15. Rab1 a6 16. f3 b4 17. Rxb4 O-O 18. Nxd7 Nxd7 19. Ra4 Qc7 20. Rxa6 e5 21. c4
exd4 22. exd4 dxc4 23. Qxc4 Qf4 24. Qxc8 Rxc8 25. Rxc8+ Nf8 26. Be4 Qe3+ 27. Kf1
g6 28. Raa8 Qxd4 29. Rxf8+ Kg7 30. Rfd8 Qa1+ 31. Ke2 Qb2+ 32. Rd2 Qe5 33. h4 h5
34. a4 Qg3 35. Kd1 Qe5 36. a5 Qa1+ 37. Ke2 Qe5 38. a6 f5 39. Rd7+ Kf6 40. Rf8+
Ke6 41. Re8+ 1-0

[Event "AUTO-MASTER-887"]
[Site "http://www.queenalice.com/game.php?id=642146"]
[Date "2009.8.25"]
[Round "1"]
[White "mowliid12"]
[Black "polso"]
[Result "0-1"]
[WhiteElo "1991"]
[BlackElo "2033"]

1. d4 Nf6 2. Bg5 c5 3. Bxf6 gxf6 4. d5 Qb6 5. b3 f5 6. Nf3 Bg7 7. c3 d6 8. Qc2
Na6 9. a3 Bd7 10. Nbd2 Qa5 11. Rc1 Rc8 12. Nc4 Qc7 13. e3 b5 14. Ncd2 e5 15.
dxe6 fxe6 16. e4 O-O 17. Be2 d5 18. exf5 exf5 19. a4 Rce8 20. Qd1 bxa4 21. O-O
Qa5 22. Re1 Nc7 23. b4 Qb6 24. Rb1 Bxc3 25. bxc5 Qxc5 26. Qc2 Qa5 27. Bf1 a3 28.
Rxe8 Rxe8 29. Qa2 Be6 30. Nb3 d4 31. Qc2 Qa4 32. Ng5 a2 33. Nxe6 axb1=Q 34. Qxb1
Nxe6 35. Nc1 Qa1 36. Qc2 d3 37. Nxd3 Nd4 0-1

[Event "AUTO-MASTER-887"]
[Site "http://www.queenalice.com/game.php?id=642147"]
[Date "2009.8.25"]
[Round "1"]
[White "polso"]
[Black "Tibe2003"]
[Result "0-1"]
[WhiteElo "2035"]
[BlackElo "2133"]

1. d4 Nf6 2. c4 c5 3. d5 b5 4. Nf3 bxc4 5. Nc3 d6 6. e4 g6 7. Bxc4 Nbd7 8. O-O
Bg7 9. Qe2 Ng4 10. h3 Nge5 11. Nxe5 Nxe5 12. Bb5+ Bd7 13. f4 Bxb5 14. Nxb5 Nd7
15. Rb1 a6 16. Na3 O-O 17. Bd2 Qb6 18. Bc3 Rfb8 19. Bxg7 Kxg7 20. e5 e6 21. dxe6
fxe6 22. Nc4 Qb5 23. exd6 Nb6 24. Qe5+ Kf7 25. Nxb6 Qxb6 26. Rfe1 Re8 27. Rbc1
Rad8 28. Red1 Rd7 29. Qxc5 Qxb2 30. Qc6 Red8 31. Qxa6 Qb4 32. Rc4 Qb7 33. Qxb7
Rxb7 34. Kh2 Kf6 35. Rc7 Rb2 36. Ra7 Rb6 37. Rxh7 Rbxd6 38. Rxd6 Rxd6 39. Ra7
Kf5 40. Rf7+ Ke4 41. Rf6 Ra6 42. Rxg6 Kxf4 43. a4 Kf5 44. Rg4 e5 45. Rb4 e4 46.
Kg3 Rg6+ 47. Kf2 e3+ 48. Kxe3 Rxg2 49. Kd4 Ke6 50. Kc5 Kd7 51. Kb6 Kc8 52. a5
Rg6+ 53. Ka7 Rg7+ 54. Ka8 Rg3 55. h4 Ra3 56. Rb5 Kc7 57. h5 Kc6 58. Rg5 Rh3 59.
a6 Rf3 60. Rg6+ Kb5 61. h6 Rf7 62. Kb8 Rf8+ 63. Kc7 Rf7+ 64. Kc8 Rh7 65. Rg7
Rxh6 66. a7 Kb6 67. Rb7+ Kc6 68. Rh7 Rxh7 69. a8=Q+ Kd6 70. Qa6+ Ke5 71. Qb5+
Kf4 72. Qc4+ Ke5 73. Kd8 Rh8+ 74. Kd7 Rh7+ 75. Kc6 Rh6+ 76. Kc5 Rf6 77. Qd4+ Ke6
78. Qg4+ Ke5 79. Qe2+ Kf4 80. Kd5 Kg5 81. Qe7 Kg6 82. Qe4+ Kg5 83. Ke5 Rf8 84.
Qg2+ Kh4 85. Qg6 Rf1 86. Qe4+ Kg3 87. Qe3+ Kh4 88. Qe2 Rf8 89. Qe1+ Kh5 90. Qg3
Rf7 91. Ke6 Rf8 92. Qe5+ Kg6 93. Ke7 Rf5 94. Qe6+ Kg5 95. Qe3+ Kg4 96. Qd4+ Rf4
0-1

[Event "AUTO-MASTER-887"]
[Site "http://www.queenalice.com/game.php?id=642148"]
[Date "2009.8.25"]
[Round "1"]
[White "Tibe2003"]
[Black "polso"]
[Result "1-0"]
[WhiteElo "2187"]
[BlackElo "2043"]

1. e4 c5 2. Nf3 d6 3. d4 cxd4 4. Nxd4 Nf6 5. Nc3 a6 6. Be3 e5 7. Nb3 Be6 8. f3
Nbd7 9. Qd2 b5 10. O-O-O Rc8 11. g4 Nb6 12. g5 Nfd7 13. h4 Be7 14. Kb1 O-O 15.
h5 b4 16. Nd5 Nxd5 17. exd5 Bf5 18. Bd3 Bxd3 19. Qxd3 a5 20. g6 a4 21. gxh7+ Kh8
22. h6 g6 23. Nd2 Nc5 24. Bxc5 dxc5 25. Nc4 Bd6 26. Rde1 Re8 27. Reg1 Kxh7 28.
Rg4 Qf6 29. Nd2 Qe7 30. Nc4 Rcd8 31. Na5 Qf8 32. Nc6 Rc8 33. Rhg1 Rc7 34. Na5
Ra8 35. Nc4 Rca7 36. Rxg6 fxg6 37. Qxg6+ Kh8 38. Nxd6 b3 39. Nf5 Rf7 40. Qg7+
Qxg7 41. hxg7+ Kh7 42. Rg5 c4 43. a3 Rg8 44. Kc1 Rf6 45. d6 Rf7 46. Ne7 Kh6 47.
Nxg8+ Kxg5 48. Ne7 Rxg7 49. d7 Kf4 50. d8=Q Rg1+ 51. Kd2 Rg2+ 52. Kd1 Rg1+ 53.
Ke2 Rg2+ 54. Kf1 bxc2 55. Kxg2 c1=Q 56. Nd5+ 1-0

[Event "AUTO-MASTER-887"]
[Site "http://www.queenalice.com/game.php?id=642149"]
[Date "2009.8.25"]
[Round "1"]
[White "polso"]
[Black "secretguy"]
[Result "0-1"]
[WhiteElo "2045"]
[BlackElo "2186"]

1. d4 Nf6 2. c4 g6 3. Nc3 Bg7 4. e4 d6 5. Nge2 O-O 6. Ng3 Nbd7 7. Be2 e5 8. d5
a5 9. h4 h5 10. Bg5 Nc5 11. Qd2 Qd7 12. Bh6 Qd8 13. Bxg7 Kxg7 14. O-O Nh7 15.
Nb5 Bd7 16. Rfe1 Bxb5 17. cxb5 Qxh4 18. Bxh5 Nf6 19. Bf3 Ng4 20. Bxg4 Qxg4 21.
Qe2 Qh4 22. b3 Rh8 23. Qf3 Rh6 24. a3 Rah8 25. Kf1 Qf4 26. b4 Qd2 27. Kg1 axb4
28. Qg4 Rh2 29. axb4 Nd3 30. Re2 Qf4 31. f3 Qxg3 0-1

[Event "AUTO-MASTER-887"]
[Site "http://www.queenalice.com/game.php?id=642150"]
[Date "2009.8.25"]
[Round "1"]
[White "secretguy"]
[Black "polso"]
[Result "1/2-1/2"]
[WhiteElo "2247"]
[BlackElo "2035"]

1. Nf3 Nf6 2. g3 g6 3. Bg2 Bg7 4. d4 O-O 5. O-O d6 6. c4 c5 7. Nc3 a6 8. Bg5 Nc6
9. dxc5 dxc5 10. Qc1 Be6 11. Rd1 Qa5 12. Nd2 Rac8 13. Bxf6 Bxf6 14. Nb3 Qb4 15.
Nd5 Bxd5 16. Bxd5 a5 17. Rb1 a4 18. Nd2 e6 19. a3 Qb6 20. Bg2 Nd4 21. Bf1 Rfd8
22. e3 Nb3 23. Qc2 Nxd2 24. Rxd2 Rxd2 25. Qxd2 Rd8 26. Qe2 Rd7 27. h4 Qd8 28.
Qc2 Rd2 29. Qxa4 Bxh4 30. Re1 Qf6 31. Re2 Rxe2 32. Bxe2 Qxb2 33. Bf3 Bf6 34.
Qa8+ Kg7 35. Bxb7 Qc1+ 36. Kg2 Qxc4 37. a4 Bc3 38. Bc6 Qa2 39. Bb5 Qd5+ 40. Qxd5
exd5 41. f4 f5 42. Kf3 Kf6 43. Bc6 Ke6 44. Ke2 h6 45. Bb7 g5 46. Bc8+ Kf6 47.
Bb7 d4 48. exd4 cxd4 49. Bf3 gxf4 50. gxf4 Kg6 51. Kd3 h5 52. a5 Bxa5 53. Kxd4
Bd2 54. Ke5 h4 55. Bg2 Ba5 56. Bh3 Bc7+ 57. Ke6 Bxf4 58. Bxf5+ Kg5 59. Bh3 Be3
60. Ke5 Bf4+ 1/2-1/2

[Event "Gioco Piano"]
[Site "http://www.queenalice.com/game.php?id=667884"]
[Date "2009.10.15"]
[Round "-"]
[White "Joll"]
[Black "polso"]
[Result "0-1"]
[WhiteElo "1672"]
[BlackElo "2059"]

1. e4 c5 2. Nf3 d6 3. Bc4 Nf6 4. Bd5 e6 5. Bb3 Nxe4 6. d3 Qa5+ 7. c3 Nf6 8. Bg5
Be7 9. Nbd2 O-O 10. O-O b5 11. d4 Bb7 12. Re1 Nbd7 13. dxc5 dxc5 14. Bxf6 Nxf6
15. a3 Rfd8 16. Qc2 Rd7 17. Rad1 Rad8 18. Ba2 Qc7 19. Bb1 a5 20. Ng5 Qc6 21. f3
g6 22. Nde4 Nxe4 23. Rxd7 Qxd7 24. Nxe4 Bxe4 25. Rxe4 Qd1+ 26. Kf2 Rd2+ 27. Re2
Rxc2 0-1

[Event "Challenge"]
[Site "http://www.queenalice.com/game.php?id=699346"]
[Date "2009.12.17"]
[Round "-"]
[White "ORNELAS"]
[Black "polso"]
[Result "1-0"]
[WhiteElo "1807"]
[BlackElo "2061"]

1. e4 c5 2. c4 g6 3. d3 Bg7 4. a3 Nc6 5. Nf3 e6 6. Bg5 Nge7 7. Nbd2 Bxb2 8. Ra2
Bg7 9. g3 O-O 10. Bg2 d6 11. O-O Qc7 12. Nh4 Bd7 13. Ndf3 a6 14. Qd2 b5 15. Bh6
b4 16. Bf4 a5 17. Raa1 Bxa1 18. Rxa1 e5 19. Bh6 Rfb8 20. Ng5 1-0